Städte und Gemeinden des Kreis Wesel - Statistiken

Allgemein
  • Dieses Quiz wurde 13 mal gespielt
  • Das Durchschnittsergebnis liegt bei 9 aus 13
Antwortstatistiken
Hint Antwort Population % Korrekt
große kreisangehörige Stadt Wesel 60.785
100%
große kreisangehörige Stadt Moers 101.503
91%
große kreisangehörige Stadt Dinslaken 66.993
82%
mittlere kreisangehörige Stadt Xanten 21.179
82%
mittlere kreisangehörige Stadt Kamp-Lintfort 38.217
73%
kreisangehörige Gemeinde Hünxe 13.676
64%
mittlere kreisangehörige Stadt Rheinberg 31.172
64%
mittlere kreisangehörige Stadt Voerde (Niederrhein) 35.661
64%
kreisangehörige Gemeinde Alpen 12.515
55%
mittlere kreisangehörige Stadt Hamminkeln 26.873
55%
mittlere kreisangehörige Stadt Neukirchen-Vluyn 27.140
55%
kreisangehörige Gemeinde Schermbeck 13.516
55%
kreisangehörige Gemeinde Sonsbeck 8.688
55%
Keine übereinstimmenden Quizze gefunden
Verteilung der Resultate
Anzahl Personen mit jedem Resultat
Perzentil nach korrekt beantworteten Fragen
Ihre Resultats-Entwicklung
Sie haben dieses Quiz noch nicht gespielt